000
00476nam a2200133Ia 4500
008
100328s9999 xx 000 0 und d
082
_b
54637
100
_a
नाईक वसंत
245
_a
जागतिक क्रिकेटचा इतिहास
260
_b
प्रिया
630
_a
जागतिक क्रिकेटचा इतिहास
730
_a
जागतिक क्रिकेटचा इतिहास
942
_c
BOOK
999
_c
541352
_d
541349